[Event "13th EICC"]
[Site "Plovdiv BUL"]
[Date "2012.03.24"]
[Round "5.122"]
[White "Ali Marandi, Cemil Can"]
[Black "Nestorovic, Nikola"]
[Result "1/2-1/2"]
[WhiteTitle "FM"]
[BlackTitle "IM"]
[WhiteElo "2315"]
[BlackElo "2462"]
[WhiteFideId "6300529"]
[BlackFideId "934526"]
[EventDate "2012.03.20"]
[EventType "swiss"]

1. e4 e5 2. Nf3 Nc6 3. Bb5 a6 4. Ba4 Nf6 5. O-O Be7 6. Re1 b5 7. Bb3 d6 8. c3
O-O 9. h3 Na5 10. Bc2 c5 11. d4 Nd7 12. Nbd2 exd4 13. cxd4 Nc6 14. d5 Nce5 15.
a4 Bb7 16. Nxe5 Nxe5 17. f4 Ng6 18. Nf3 Re8 19. Kh2 Nh4 20. Ra3 Nxf3+ 21. Qxf3
Bh4 22. Rd1 Bf6 23. Re3 Qd7 24. Kh1 Bd4 25. Ree1 b4 26. b3 a5 27. Bd3 Ba6 28.
Bxa6 Rxa6 29. Qe2 Raa8 30. Bb2 Bxb2 31. Qxb2 f6 32. Qc2 Rac8 33. Qc4 Qf7 34. Re2
g5 35. Rf1 gxf4 36. Rxf4 Re5 37. Qa6 Rd8 38. Qxa5 Rde8 39. Qb5 Qe7 40. Ref2 Rxe4
41. Rxe4 Qxe4 42. Rxf6 Qe1+ 43. Rf1 Qe2 44. Rf6 Qe1+ 45. Rf1 Qe2 46. Rf6 Qe1+ 1/2-1/2

[Event "13th EICC"]
[Site "Plovdiv BUL"]
[Date "2012.03.24"]
[Round "5.123"]
[White "Ivanov, Stojan Lubomirov"]
[Black "Hunt, Adam C"]
[Result "0-1"]
[BlackTitle "IM"]
[WhiteElo "2309"]
[BlackElo "2454"]
[WhiteFideId "2908980"]
[BlackFideId "403970"]
[EventDate "2012.03.20"]
[EventType "swiss"]

1. e4 c5 2. Nf3 e6 3. d4 cxd4 4. Nxd4 a6 5. c4 Nf6 6. Nc3 Bb4 7. Bd3 Nc6 8. Nc2
Bxc3+ 9. bxc3 O-O 10. O-O d5 11. exd5 exd5 12. Ba3 Re8 13. Ne3 Be6 14. cxd5 Nxd5
15. Nxd5 Qxd5 16. Qc2 h6 17. c4 Qa5 18. Bb2 Rad8 19. Rfd1 Ne5 20. Bf1 Rc8 21.
Bc3 Qc7 22. Qb2 Bxc4 23. Bxe5 Qxe5 24. Qxb7 Bxf1 25. Rxf1 a5 26. g3 Rc2 27. Qb3
Rb2 28. Rae1 Rxb3 29. Rxe5 Rxg3+ 30. fxg3 Rxe5 31. Rf4 g5 32. Rc4 Rb5 33. Rc8+
Kg7 34. Ra8 Rb1+ 35. Kg2 Rb2+ 36. Kf3 Rxa2 37. h4 gxh4 38. gxh4 Kg6 39. Ra6+ f6
40. Kg4 Ra4+ 41. Kg3 Kf5 42. Kf3 Ra3+ 43. Kf2 a4 44. Kg2 Ra1 45. Kf3 a3 46. Ra5+
Kg6 47. h5+ Kf7 48. Ra6 a2 49. Kg2 f5 50. Kh2 f4 0-1

[Event "13th EICC"]
[Site "Plovdiv BUL"]
[Date "2012.03.24"]
[Round "5.124"]
[White "Hagen, Andreas Skytte"]
[Black "Braun, Christian2"]
[Result "1/2-1/2"]
[WhiteTitle "IM"]
[BlackTitle "FM"]
[WhiteElo "2453"]
[BlackElo "2372"]
[WhiteFideId "1407341"]
[BlackFideId "4692098"]
[EventDate "2012.03.20"]
[EventType "swiss"]

1. e4 e6 2. d4 d5 3. Nc3 Nf6 4. e5 Nfd7 5. f4 c5 6. Nf3 Nc6 7. Be3 a6 8. Qd2 b5
9. a3 g5 10. fxg5 cxd4 11. Nxd4 Ncxe5 12. Be2 Bg7 13. O-O O-O 14. Nd1 Bb7 15.
Nf2 Rc8 16. Rad1 Nc5 17. Qe1 Na4 18. Bc1 Qd6 19. Kh1 f5 20. gxf6 Rxf6 21. Nd3
Nxd3 22. Bxd3 Rxf1+ 23. Bxf1 Nc5 24. c3 Rf8 25. Be3 e5 26. Nc2 Ne4 27. Bd3 Qg6
28. Kg1 d4 29. cxd4 Qxg2+ 30. Kxg2 Nf2+ 31. Kg3 Rf3+ 32. Kg2 Rf8+ 33. Kg3 Rf3+
34. Kg2 Rf8+ 1/2-1/2

[Event "13th EICC"]
[Site "Plovdiv BUL"]
[Date "2012.03.24"]
[Round "5.125"]
[White "Schneider, Veronika"]
[Black "Zaslavsky, Mikhail"]
[Result "1/2-1/2"]
[WhiteTitle "WGM"]
[BlackTitle "IM"]
[WhiteElo "2312"]
[BlackElo "2450"]
[WhiteFideId "721530"]
[BlackFideId "2807670"]
[EventDate "2012.03.20"]
[EventType "swiss"]

1. e4 e5 2. Nf3 Nc6 3. d4 exd4 4. Nxd4 Nf6 5. Nc3 Bb4 6. Nxc6 bxc6 7. Bd3 O-O 8.
O-O Qe7 9. Qf3 d6 10. h3 Re8 11. Bg5 h6 12. Bxf6 Qxf6 13. Qxf6 gxf6 14. Na4 Bd7
15. c3 Ba5 16. b4 Bb6 17. Nxb6 axb6 18. a4 Ra7 19. Ra3 c5 20. Rfa1 cxb4 21. cxb4
c5 22. bxc5 dxc5 23. Rb1 Re6 24. Bb5 Bxb5 25. Rxb5 Ra5 26. f3 Rd6 27. Rxa5 bxa5
28. Rc3 Rd4 29. Rxc5 Rxa4 30. Rc8+ Kg7 31. Ra8 h5 32. h4 Ra2 33. Kh2 Ra3 34. Kg3
Ra2 35. Kf4 Rxg2 36. Rxa5 Kg6 37. Ra6 Kg7 38. Ra5 Kg6 39. Ra6 Kg7 40. Ra5 Kg6 1/2-1/2

[Event "13th EICC"]
[Site "Plovdiv BUL"]
[Date "2012.03.24"]
[Round "5.126"]
[White "Colovic, Aleksandar"]
[Black "Balla, Tamas-Kristof"]
[Result "1/2-1/2"]
[WhiteTitle "IM"]
[BlackTitle "FM"]
[WhiteElo "2436"]
[BlackElo "2369"]
[WhiteFideId "15000729"]
[BlackFideId "1208497"]
[EventDate "2012.03.20"]
[EventType "swiss"]

1. d4 g6 2. c4 Bg7 3. Nf3 Nf6 4. g3 O-O 5. Bg2 d6 6. Nc3 c6 7. O-O Qa5 8. e4 e5
9. h3 Nbd7 10. Qc2 a6 11. Be3 Re8 12. d5 Qc7 13. Rfc1 Rf8 14. b4 c5 15. bxc5
Nxc5 16. Bxc5 dxc5 17. a4 Ne8 18. a5 Nd6 19. Qd3 Bd7 20. Rcb1 Rae8 21. Rb6 Nc8
22. Rb2 Nd6 23. Rb6 Nc8 24. Rb2 Nd6 25. Rab1 h6 26. Rb6 Kh7 27. h4 f5 28. Bh3 f4
29. Bxd7 Qxd7 30. Kg2 Rf7 31. h5 g5 32. Nh2 f3+ 33. Kg1 Ref8 34. Nf1 Bf6 35. Ne3
Bd8 36. Rxd6 Qxd6 37. Nf5 Qd7 38. d6 Bxa5 39. Nd5 Bd8 40. Nde3 Qe6 41. Qa3 Qc8
42. Ng4 b6 43. Rd1 Qe6 44. Qxa6 Rxf5 45. exf5 Qxf5 46. Ne3 Qf7 47. g4 Qd7 48.
Qb5 Qe6 49. Nf5 Rxf5 50. gxf5 Qxf5 51. Kf1 Qg4 52. Qe8 Qxc4+ 53. Kg1 Qg4+ 1/2-1/2

[Event "13th EICC"]
[Site "Plovdiv BUL"]
[Date "2012.03.24"]
[Round "5.127"]
[White "Sanal, Vahap"]
[Black "Raznikov, Danny"]
[Result "1/2-1/2"]
[WhiteTitle "CM"]
[BlackTitle "IM"]
[WhiteElo "2286"]
[BlackElo "2436"]
[WhiteFideId "6300545"]
[BlackFideId "2811154"]
[EventDate "2012.03.20"]
[EventType "swiss"]

1. e4 c5 2. Nf3 d6 3. d4 cxd4 4. Nxd4 Nf6 5. Nc3 a6 6. Bg5 Nbd7 7. f4 Qc7 8. Qe2
e5 9. Nf5 h6 10. Bxf6 Nxf6 11. Ne3 exf4 12. Ned5 Nxd5 13. Nxd5 Qa5+ 14. Qd2
Qxd2+ 15. Kxd2 Rb8 16. Nxf4 Be7 17. Bc4 Bf6 18. Nd5 Be5 19. Raf1 Be6 20. Kc1 h5
21. Rf3 Rc8 22. Bb3 Bg4 23. Rf2 Be6 24. h3 Rc5 25. Rhf1 h4 26. c3 Rh5 27. Kd2
Bg3 28. Rf3 Re5 29. Ne3 f6 30. Kd3 Bd7 31. Bd5 b6 32. b3 Rg5 33. c4 a5 34. a4
Be5 35. R1f2 Rc8 36. Rc2 Kd8 37. Bb7 Rc7 38. Bd5 Rc8 39. Bb7 Rc7 40. Bd5 Rc8 1/2-1/2

[Event "13th EICC"]
[Site "Plovdiv BUL"]
[Date "2012.03.24"]
[Round "5.129"]
[White "Cherednichenko, Svetlana"]
[Black "Sharafiev, Azat"]
[Result "0-1"]
[WhiteTitle "WGM"]
[BlackTitle "IM"]
[WhiteElo "2279"]
[BlackElo "2433"]
[WhiteFideId "14105551"]
[BlackFideId "4186214"]
[EventDate "2012.03.20"]
[EventType "swiss"]

1. d4 Nf6 2. Nf3 c5 3. e3 d5 4. b3 Nc6 5. Bb2 cxd4 6. Nxd4 e6 7. Nd2 Bd6 8. c4
O-O 9. Bd3 e5 10. Nf5 dxc4 11. Nxd6 cxd3 12. Ba3 Nd5 13. N2c4 Ndb4 14. Bxb4 Nxb4
15. O-O Qc7 16. Qd2 Nc2 17. Rad1 e4 18. f3 exf3 19. Qxd3 fxg2 20. Rf2 Nb4 21.
Qc3 Nc6 22. Rxg2 f6 23. Rd5 Rd8 24. e4 Be6 25. Rd3 Kh8 26. Rdg3 Rxd6 27. Nxd6
Qxd6 28. Rxg7 Qd1+ 29. Kf2 Ne5 30. Re7 Rd8 31. Rg3 Rd2+ 32. Ke3 Qe1+ 33. Kf4
Rf2+ 0-1

[Event "13th EICC"]
[Site "Plovdiv BUL"]
[Date "2012.03.24"]
[Round "5.130"]
[White "Pavlidis, Antonios"]
[Black "Aharon, Ofir"]
[Result "1-0"]
[WhiteTitle "IM"]
[BlackTitle "FM"]
[WhiteElo "2431"]
[BlackElo "2288"]
[WhiteFideId "4212312"]
[BlackFideId "2800683"]
[EventDate "2012.03.20"]
[EventType "swiss"]

1. e4 c5 2. Nf3 g6 3. d4 cxd4 4. Qxd4 Nf6 5. e5 Nc6 6. Qa4 Nd5 7. Qe4 Nb6 8. Nc3
Bg7 9. Bf4 d5 10. exd6 O-O 11. O-O-O Bxc3 12. bxc3 Bf5 13. Qe3 Re8 14. Bg5 Nd7
15. Nd4 Nxd4 16. Qxd4 Qa5 17. dxe7 Nc5 18. Bc4 Qa4 19. Kb2 Qxc2+ 20. Ka1 Ne4 21.
Rc1 Qxf2 22. Be3 Qh4 23. g4 Bxg4 24. Qxe4 Rxe7 25. Qf4 Qh3 26. Bd4 Bf5 27. Qg5 1-0

[Event "13th EICC"]
[Site "Plovdiv BUL"]
[Date "2012.03.24"]
[Round "5.131"]
[White "Indjic, Aleksandar"]
[Black "Kourousis, Epaminondas"]
[Result "1-0"]
[WhiteElo "2430"]
[BlackElo "2284"]
[WhiteFideId "911925"]
[BlackFideId "4211626"]
[EventDate "2012.03.20"]
[EventType "swiss"]

1. d4 Nf6 2. Nf3 e6 3. c4 b6 4. g3 Bb7 5. Bg2 c5 6. dxc5 Bxc5 7. O-O O-O 8. Bg5
Be7 9. Nc3 d6 10. Qd2 a6 11. Bxf6 Bxf6 12. Rfd1 Be7 13. Qf4 Nd7 14. Ne4 Bxe4 15.
Qxe4 Nf6 16. Qb7 d5 17. cxd5 exd5 18. Ne5 Bd6 19. Nc6 Qe8 20. e3 Rc8 21. Rac1
Bc5 22. Rxc5 bxc5 23. Qxc8 Qxc8 24. Ne7+ Kh8 25. Nxc8 Rxc8 26. Bxd5 Nxd5 27.
Rxd5 g6 28. Kf1 c4 29. Rd2 Kg7 30. Rc2 Rc5 31. Ke2 Kf6 32. b3 1-0

[Event "13th EICC"]
[Site "Plovdiv BUL"]
[Date "2012.03.24"]
[Round "5.133"]
[White "Zueger, Beat"]
[Black "Pop, Alexandru"]
[Result "1/2-1/2"]
[WhiteTitle "IM"]
[WhiteElo "2425"]
[BlackElo "2272"]
[WhiteFideId "1300067"]
[BlackFideId "1220837"]
[EventDate "2012.03.20"]
[EventType "swiss"]

1. Nf3 c5 2. c4 g6 3. d4 cxd4 4. Nxd4 Bg7 5. e4 Nc6 6. Be3 Nf6 7. Nc3 O-O 8. Be2
d6 9. O-O Bd7 10. Qd2 Nxd4 11. Bxd4 Bc6 12. f3 a5 13. Rac1 Nd7 14. Be3 Nc5 15.
Rc2 a4 16. Rb1 Qa5 17. Bf1 Rfc8 18. Kh1 Na6 19. Qf2 Nb4 20. Rcc1 a3 21. bxa3 Na6
22. Nb5 Bxb5 23. cxb5 Nc5 24. Bxc5 dxc5 25. Rxc5 Rxc5 26. Qxc5 Qxa3 27. Qc7 Qxa2
28. Rd1 Qb3 29. Rd8+ Rxd8 30. Qxd8+ Bf8 31. Qd3 Qxd3 32. Bxd3 b6 33. g3 e6 34.
Kg2 Kg7 35. e5 Bc5 36. f4 h6 37. h4 g5 38. hxg5 hxg5 39. Kf3 gxf4 40. gxf4 f6
41. exf6+ Kxf6 1/2-1/2

[Event "13th EICC"]
[Site "Plovdiv BUL"]
[Date "2012.03.24"]
[Round "5.137"]
[White "Mogilarov, Dimitar"]
[Black "Baratosi, Daniel"]
[Result "1/2-1/2"]
[BlackTitle "IM"]
[WhiteElo "2147"]
[BlackElo "2407"]
[WhiteFideId "2905248"]
[BlackFideId "1210351"]
[EventDate "2012.03.20"]
[EventType "swiss"]

1. e4 c5 2. d4 cxd4 3. c3 Nf6 4. e5 Nd5 5. Nf3 Nc6 6. Bc4 Nb6 7. Bb3 d5 8. exd6
Qxd6 9. O-O Be6 10. Bxe6 Qxe6 11. Nxd4 Nxd4 12. Qxd4 Rd8 13. Qh4 Qc4 14. Qg3 Qd3
15. Be3 Nc4 16. Na3 Nxe3 17. fxe3 f6 18. Qf3 Qd5 19. e4 Qc5+ 20. Kh1 e5 21. Rad1
Qc6 22. Nc2 Bc5 23. Rxd8+ Kxd8 24. Ne3 Bxe3 25. Qxe3 a6 26. Rd1+ Ke7 27. Rd5 Rd8
28. Qd3 Rxd5 29. Qxd5 Qxd5 30. exd5 b5 31. b3 Kd6 32. c4 bxc4 33. bxc4 f5 34.
Kg1 f4 35. Kf2 e4 36. Ke2 g5 37. h3 h5 38. Kf2 h4 39. Ke2 g4 40. Kf2 e3+ 41. Ke2
f3+ 42. Kxe3 fxg2 43. Kf2 gxh3 44. Kg1 a5 45. a4 Ke5 46. Kf2 Kd6 47. Kg1 1/2-1/2

[Event "13th EICC"]
[Site "Plovdiv BUL"]
[Date "2012.03.24"]
[Round "5.139"]
[White "Cioara, Andrei-Nestor"]
[Black "Pantic, Ivica"]
[Result "1-0"]
[WhiteTitle "IM"]
[WhiteElo "2477"]
[BlackElo "2242"]
[WhiteFideId "1203509"]
[BlackFideId "929395"]
[EventDate "2012.03.20"]
[EventType "swiss"]

1. d4 Nf6 2. Nf3 e6 3. g3 d5 4. Bg2 Nbd7 5. O-O Be7 6. c4 c6 7. Nc3 dxc4 8. e4
b5 9. d5 exd5 10. exd5 cxd5 11. Nxd5 Nxd5 12. Qxd5 Rb8 13. Ne5 Nxe5 14. Qxe5 Rb6
15. Be3 Qd6 16. Qh5 Qg6 17. Qd5 Bb7 18. Qe5 Bxg2 19. Bxb6 O-O 20. Qxe7 Qc6 21.
Bd4 h6 22. Rae1 a5 23. Qe5 f6 24. Qe6+ Qxe6 25. Rxe6 Bxf1 26. Kxf1 Rd8 27. Bb6
Ra8 28. Be3 a4 29. Bc5 Rd8 30. Ke2 Rd3 31. Rb6 Rd5 32. Rxb5 Kh7 33. a3 Kg6 34.
Ra5 Re5+ 35. Kd2 1-0

[Event "13th EICC"]
[Site "Plovdiv BUL"]
[Date "2012.03.24"]
[Round "5.140"]
[White "Galopoulos, Nikolaos"]
[Black "Gaehwiler, Gabriel"]
[Result "0-1"]
[WhiteElo "2430"]
[BlackElo "2260"]
[WhiteFideId "4208951"]
[BlackFideId "1314530"]
[EventDate "2012.03.20"]
[EventType "swiss"]

1. d4 Nf6 2. c4 g6 3. Nc3 Bg7 4. e4 d6 5. f3 O-O 6. Be3 c5 7. Nge2 Nc6 8. d5 Ne5
9. Ng3 e6 10. Be2 exd5 11. cxd5 b5 12. Bxb5 Rb8 13. O-O Nfg4 14. fxg4 Nxg4 15.
Rf3 Bxc3 16. bxc3 Rxb5 17. Bf4 Qe7 18. Qd2 Bd7 19. Raf1 Rfb8 20. Bg5 Qf8 21. h3
Rb2 22. Qf4 Ne5 23. Bh6 Qe7 24. Bg5 Qf8 25. Bh6 Qe7 26. Bg5 Qf8 27. Bf6 Nxf3+
28. Rxf3 Rc2 29. Nh5 Rbb2 30. Rg3 Bxh3 31. Rxh3 Rxg2+ 32. Kh1 Rgf2 33. Qc1 Qb8
34. Kg1 Rfc2 0-1

[Event "13th EICC"]
[Site "Plovdiv BUL"]
[Date "2012.03.24"]
[Round "5.141"]
[White "Schachinger, Mario"]
[Black "Yakimenko, Alexander A."]
[Result "1-0"]
[WhiteTitle "FM"]
[WhiteElo "2391"]
[BlackElo "2223"]
[WhiteFideId "1616773"]
[BlackFideId "24141917"]
[EventDate "2012.03.20"]
[EventType "swiss"]

1. Nf3 e6 2. g3 f5 3. Bg2 Nf6 4. O-O Be7 5. c4 O-O 6. Nc3 d5 7. cxd5 exd5 8. e3
Nbd7 9. b3 c6 10. Bb2 Bd6 11. Ne2 Qe7 12. Qc2 Ng4 13. Ned4 Nde5 14. Nxe5 Nxe5
15. f4 Ng4 16. Nf3 Bd7 17. h3 Nf6 18. Ne5 Ne4 19. Kh2 Rae8 20. d3 Nf6 21. Rac1
Bc8 22. Bd4 Ba3 23. Bxa7 Nd7 24. Nxd7 Bxd7 25. Rce1 Qd6 26. Bd4 c5 27. Be5 Rxe5
28. fxe5 Qxe5 29. d4 Qd6 30. dxc5 Bxc5 31. Qd3 Be6 32. Rd1 d4 33. exd4 Ba7 34.
Qe3 Bb8 35. Rde1 Bd7 36. d5 h6 37. Rf3 g5 38. Kh1 f4 39. gxf4 g4 40. hxg4 Bxg4
41. Rg3 h5 42. Qe6+ Kh8 43. Qe5+ Rf6 44. Qxd6 Bxd6 45. Bh3 Rxf4 46. Bxg4 hxg4
47. Reg1 Rf2 48. R3g2 g3 49. Rxf2 gxf2 50. Rf1 Bc5 51. b4 1-0

[Event "13th EICC"]
[Site "Plovdiv BUL"]
[Date "2012.03.24"]
[Round "5.142"]
[White "Nenezic, Marko"]
[Black "Hristodoulou, Panagiotis"]
[Result "1-0"]
[WhiteElo "2370"]
[BlackElo "2203"]
[WhiteFideId "912123"]
[BlackFideId "4214340"]
[EventDate "2012.03.20"]
[EventType "swiss"]

1. Nf3 Nf6 2. c4 g6 3. b4 Bg7 4. Bb2 O-O 5. g3 d6 6. Bg2 Nbd7 7. O-O e5 8. d3
Re8 9. Nc3 a5 10. a3 c6 11. Nd2 Nf8 12. Nb3 axb4 13. axb4 Rxa1 14. Qxa1 Ne6 15.
Qa5 Nd4 16. Qxd8 Rxd8 17. Na5 d5 18. e3 Ne6 19. b5 cxb5 20. Nxb5 dxc4 21. dxc4
e4 22. Bxf6 Bxf6 23. Bxe4 Nc5 24. Bd5 Be6 25. Bxe6 fxe6 26. Rb1 Ra8 27. Nb3 Nd3
28. Rd1 Ne5 29. c5 Ra2 30. N5d4 Rb2 31. Nd2 Kf7 32. Ne4 Be7 33. Rc1 Nd3 34. Rc3
Rb1+ 35. Kg2 Ne1+ 36. Kh3 e5 37. Nc2 Nxc2 38. Rxc2 Rb4 39. Nd2 Ke6 40. c6 bxc6
41. Rxc6+ Kd5 42. Rc2 Ke6 43. Kg2 Ra4 44. Kf3 Rb4 45. Ne4 h5 46. h3 Ra4 47. Rb2
Ra6 48. Rb5 Rc6 49. Ra5 Rb6 50. Nd2 Rb4 51. Ne4 Rb6 52. Ra4 Rc6 53. Nd2 Kf5 54.
Ra7 Ke6 55. Ke4 Bd6 56. Nf3 Rc4+ 57. Kd3 Rc7 58. Rxc7 Bxc7 59. Ke4 Bd6 60. g4
hxg4 61. hxg4 Bc7 62. g5 Bd6 63. Nh4 Kf7 64. Kd5 Bc7 65. Nf3 Bb8 66. Nxe5+ Kg7
67. Ke6 Bc7 68. f4 Bb6 69. Ng4 Ba5 70. f5 gxf5 71. Kxf5 Bc3 72. e4 Bd4 73. e5
Bc3 74. Ne3 Bb2 75. Nd5 Ba3 76. e6 Bc5 77. e7 Kf7 78. g6+ Ke8 79. g7 1-0

[Event "13th EICC"]
[Site "Plovdiv BUL"]
[Date "2012.03.24"]
[Round "5.143"]
[White "Grandadam, Nicolas"]
[Black "Senetia, Teodor"]
[Result "1/2-1/2"]
[WhiteTitle "FM"]
[WhiteElo "2361"]
[BlackElo "2188"]
[WhiteFideId "681806"]
[BlackFideId "1217160"]
[EventDate "2012.03.20"]
[EventType "swiss"]

1. Nf3 Nf6 2. c4 c5 3. Nc3 Nc6 4. d4 cxd4 5. Nxd4 g6 6. e4 d6 7. Be2 Bg7 8. Be3
O-O 9. O-O Nxd4 10. Bxd4 Bd7 11. Qd2 Bc6 12. f3 a5 13. b3 Nd7 14. Be3 Nc5 15.
Rab1 Qb6 16. Rfc1 Qb4 17. Qe1 a4 18. Bd2 Qb6 19. Kh1 axb3 20. axb3 Ra3 21. b4
Nb3 22. Rc2 Nxd2 23. Qxd2 Rfa8 24. Nd5 Bxd5 25. exd5 Ra1 26. Rbc1 Qf2 27. c5 Bd4
28. Qd1 Rxc1 29. Rxc1 Ra2 30. c6 Rxe2 31. Qxe2 Qxe2 32. c7 b5 33. c8=Q+ Kg7 34.
Qc2 Qe3 35. Rd1 Bc3 36. Qd3 Qxd3 37. Rxd3 Bxb4 38. Rb3 Bc5 39. Rxb5 h5 40. Rb7
Kf6 41. g3 e6 42. dxe6 fxe6 43. Rd7 d5 44. Kg2 g5 45. Rh7 Kg6 46. Rh8 Bd4 47.
Ra8 Bf6 48. Ra4 Kf5 49. Kf2 Bd8 50. Ke2 Bf6 51. Ra3 Be5 52. Ra8 h4 53. Rf8+ Bf6
54. gxh4 gxh4 55. Ke3 e5 56. Kd3 Ke6 57. Ra8 Kf5 58. Rf8 Ke6 59. h3 Bg5 60. Ra8
Kf5 61. Ra5 Ke6 62. Ra6+ Kf5 63. Ra5 Ke6 64. Ke2 Be7 65. Ra7 Bc5 66. Ra6+ Bd6 1/2-1/2

[Event "13th EICC"]
[Site "Plovdiv BUL"]
[Date "2012.03.24"]
[Round "5.144"]
[White "Bach, Adrian-Kalman"]
[Black "Dragomirescu, Robin-Alexandru"]
[Result "0-1"]
[WhiteTitle "FM"]
[BlackTitle "IM"]
[WhiteElo "2264"]
[BlackElo "2358"]
[WhiteFideId "1201107"]
[BlackFideId "1213849"]
[EventDate "2012.03.20"]
[EventType "swiss"]

1. e4 e5 2. Nf3 Nc6 3. Bb5 Nf6 4. Qe2 Be7 5. c3 d6 6. O-O Bd7 7. d4 a6 8. Bd3
O-O 9. d5 Nb8 10. c4 c5 11. Nc3 Ne8 12. a3 g6 13. b4 b6 14. bxc5 bxc5 15. Qb2
Bc8 16. Bd2 f5 17. Rab1 Nd7 18. Na4 f4 19. Be2 g5 20. Ne1 Nef6 21. f3 Qe8 22.
Nd3 g4 23. Naxc5 dxc5 24. Nxe5 Rb8 25. Qc3 Rxb1 26. Rxb1 Bd6 27. Nd3 gxf3 28.
gxf3 Qg6+ 29. Kf2 Qh5 30. Rg1+ Kf7 31. Bxf4 Bxf4 32. Nxf4 Qxh2+ 33. Ng2 Ng4+ 34.
fxg4 Kg8+ 35. Bf3 Ne5 0-1

[Event "13th EICC"]
[Site "Plovdiv BUL"]
[Date "2012.03.24"]
[Round "5.146"]
[White "Tate, Alan"]
[Black "Scekic, Veljko"]
[Result "1/2-1/2"]
[WhiteTitle "FM"]
[WhiteElo "2350"]
[BlackElo "2186"]
[WhiteFideId "2401878"]
[BlackFideId "940020"]
[EventDate "2012.03.20"]
[EventType "swiss"]

1. e4 c6 2. d4 d6 3. Nc3 g6 4. Be3 Bg7 5. h3 Nd7 6. a4 a5 7. Nf3 e5 8. Bc4 Ngf6
9. O-O O-O 10. dxe5 dxe5 11. Qd6 Ne8 12. Qa3 h6 13. Rad1 Qc7 14. Ne2 Nef6 15.
Ng3 Re8 16. Qb3 Nf8 17. Bc5 b5 18. Be2 bxa4 19. Qc3 N6d7 20. Bd6 Qb6 21. Nd2 Ne6
22. Nc4 Qa7 23. Ba3 Nd4 24. Nd6 Rf8 25. Bc4 Ba6 26. Qd3 Nf6 27. Rfe1 Rfd8 28.
Bxf7+ Qxf7 29. Nxf7 Bxd3 30. Nxd8 Bxc2 31. Rxd4 exd4 32. Nxc6 d3 33. Nf1 Ra6 34.
Nd4 Rb6 35. Nxc2 dxc2 36. Rc1 Rc6 37. Ne3 Nxe4 38. Rxc2 Rxc2 39. Nxc2 Kf7 40.
Ne3 Bd4 41. Kf1 Bxe3 42. fxe3 Ke6 43. Ke2 Kd5 44. Kd3 Nf2+ 45. Ke2 Ne4 46. Kd3
h5 1/2-1/2

[Event "13th EICC"]
[Site "Plovdiv BUL"]
[Date "2012.03.24"]
[Round "5.147"]
[White "Kumic, Filip"]
[Black "Schiendorfer, Emanuel"]
[Result "0-1"]
[BlackTitle "FM"]
[WhiteElo "2247"]
[BlackElo "2349"]
[WhiteFideId "931373"]
[BlackFideId "1309889"]
[EventDate "2012.03.20"]
[EventType "swiss"]

1. d4 d5 2. c4 c6 3. Nf3 Nf6 4. e3 Bg4 5. h3 Bh5 6. g4 Bg6 7. Ne5 e6 8. Nxg6
hxg6 9. Nc3 Nbd7 10. Bg2 dxc4 11. e4 Bb4 12. a3 Bxc3+ 13. bxc3 Qa5 14. Qc2 O-O-O
15. O-O Rh7 16. g5 Nh5 17. e5 Nb6 18. Bd2 Nd5 19. Qe4 Nhf4 20. Qf3 Rh5 21. Rfe1
Rdh8 22. Bf1 Qd8 23. Qg3 Nxh3+ 24. Bxh3 Rxh3 25. Qg2 R8h5 0-1

[Event "13th EICC"]
[Site "Plovdiv BUL"]
[Date "2012.03.24"]
[Round "5.148"]
[White "Panteleev, Petar"]
[Black "Barta, Jozsef"]
[Result "1/2-1/2"]
[WhiteElo "2347"]
[BlackElo "2148"]
[WhiteFideId "2903610"]
[BlackFideId "712060"]
[EventDate "2012.03.20"]
[EventType "swiss"]

1. c4 Nf6 2. Nf3 e6 3. g3 d5 4. b3 Be7 5. Bb2 c5 6. Bg2 Nc6 7. cxd5 exd5 8. d4
c4 9. O-O O-O 10. bxc4 dxc4 11. Nbd2 Na5 12. Bc3 Be6 13. e4 b5 14. Rb1 Rb8 15.
d5 Bg4 16. Qc2 Bc5 17. Bd4 Nd7 18. h3 Bh5 19. Bxc5 Nxc5 20. Qc3 Bxf3 21. Bxf3
Na4 22. Qb4 a6 23. Bd1 c3 24. Bxa4 cxd2 25. Bb3 Nxb3 26. axb3 Re8 27. Rbd1 a5
28. Qd4 Qc8 29. Rxd2 Qxh3 30. e5 Rbd8 31. Qf4 Qh5 32. Re1 f6 33. e6 Rxd5 34.
Rde2 Re7 35. Qb8+ Qe8 36. Qxe8+ Rxe8 37. Ra1 b4 38. Kg2 g6 39. Rc1 Re7 40. g4 f5
41. gxf5 Rxf5 42. Rc6 Kg7 43. Ra6 Kf6 44. Ra2 Rxe6 45. R6xa5 Rxa5 46. Rxa5 Rd6
47. Rb5 Rd4 48. f3 h5 49. Kf2 g5 50. Ke3 Rh4 51. Rb6+ Ke7 52. Rb5 g4 53. fxg4
Rxg4 54. Rxh5 Rg3+ 55. Kd4 Rxb3 56. Kc4 1/2-1/2

[Event "13th EICC"]
[Site "Plovdiv BUL"]
[Date "2012.03.24"]
[Round "5.151"]
[White "Dimitrov, Atanas"]
[Black "Andok, Claus Michael"]
[Result "1-0"]
[WhiteTitle "IM"]
[WhiteElo "2318"]
[BlackElo "2116"]
[WhiteFideId "2901315"]
[BlackFideId "24602000"]
[EventDate "2012.03.20"]
[EventType "swiss"]

1. Nf3 Nf6 2. g3 d5 3. Bg2 h6 4. O-O Bf5 5. c4 c6 6. cxd5 cxd5 7. Qb3 Qb6 8. Nc3
e6 9. d3 Na6 10. e4 Qxb3 11. axb3 Bh7 12. exd5 Bxd3 13. Re1 Nb4 14. dxe6 fxe6
15. Rxe6+ Kf7 16. Bh3 Bc5 17. Ne5+ Kg8 18. Nxd3 Nxd3 19. Be3 Kf7 20. Rd1 Rad8
21. Rxd3 Rxd3 22. Bxc5 Re8 23. Rxe8 Kxe8 24. Be3 a6 25. Bc8 1-0

[Event "13th EICC"]
[Site "Plovdiv BUL"]
[Date "2012.03.24"]
[Round "5.152"]
[White "Pogosian, Vladimir"]
[Black "Duzhakov, Ilya"]
[Result "0-1"]
[BlackTitle "FM"]
[WhiteElo "2153"]
[BlackElo "2316"]
[WhiteFideId "13301586"]
[BlackFideId "4192516"]
[EventDate "2012.03.20"]
[EventType "swiss"]

1. e4 e6 2. d3 d5 3. Nd2 Nf6 4. Ngf3 g6 5. c3 Bg7 6. e5 Nfd7 7. d4 c5 8. h4 f6
9. exf6 Qxf6 10. Nb3 c4 11. Bg5 Qf7 12. Nbd2 O-O 13. Be2 Nc6 14. O-O b5 15. b3
Bb7 16. bxc4 bxc4 17. Rb1 Rab8 18. h5 e5 19. hxg6 Qxg6 20. Be3 exd4 21. Nxd4
Nxd4 22. Bh5 Qd3 23. cxd4 c3 24. Nb3 Ba6 25. Qg4 Nf6 26. Qe6+ Kh8 27. Bf3 Rbe8
28. Qc6 Rxe3 29. Rbd1 Qc4 30. Qxc4 dxc4 31. Nc5 Rxf3 32. gxf3 Bc8 33. Rc1 Nd5
34. Ne4 Rxf3 35. Kg2 Rd3 36. Rfe1 h6 37. Rc2 Bh3+ 38. Kh2 Bf5 0-1